| 000 | 01282cam a22002775a 4500 | ||
|---|---|---|---|
| 001 | L159395 | ||
| 008 | 170130s2016 xxk f 000 0 eng d | ||
| 020 | _a9781783211739 | ||
| 035 | _a(Sirsi) u159395 | ||
| 041 | 0 | _aeng | |
| 110 | 2 |
_aRoyal Institution of Chartered Surveyors _94900 |
|
| 245 | 0 | 0 |
_aValuation of buy-to-let properties and HMO properties _h[electronic resource] _c[old edition] |
| 250 | _a1st ed | ||
| 260 |
_aLondon _bRICS _c2016 |
||
| 490 | _aRICS Professional Standard | ||
| 520 | _aSets out guidance for valuers undertaking the valuation of the residential investment properties for buy-to-let purposes ranging from single units to houses in multiple occupation (HMOs) and multi-unit blocks. The guidance is applicable to valuers who are instructed by lenders and private clients. | ||
| 520 | _aSuperseded by 2nd edition, 2022 (ISBN 9781783214808) | ||
| 590 | _aKA | ||
| 650 | 2 | 4 | _aBUY-TO-LET |
| 650 | 2 | 4 | _aHOUSES IN MULTIPLE OCCUPATION |
| 651 | 4 | _aUnited Kingdom | |
| 690 |
_aValuation _96273 |
||
| 690 |
_aResidential property _96266 |
||
| 856 | 4 | 0 |
_uhttps://www.isurv.com/downloads/file/6964/archive_valuation_of_buy-to-let_and_hmo_properties_1st_edition_december_2016-december_2022 _zArchived on iSurv (subscription required) |
| 942 |
_n0 _2ddc |
||
| 999 |
_c115863 _d115863 |
||